|
|
|
|
| LEADER |
01034nam a2200253 a 4500 |
| 001 |
11792749 |
| 008 |
091003s2000 nyu b 001 0 eng d |
| 010 |
|
|
|a \\\99048186
|
| 020 |
|
|
|a 0471298433 (cloth : alk. paper)
|
| 040 |
|
|
|a DLC
|c DLC
|d DLC
|
| 082 |
0 |
0 |
|a 361.7/068/1
|2 21
|
| 100 |
1 |
|
|a Fischer, Marilyn.
|
| 245 |
1 |
0 |
|a Ethical decision making in fund raising /
|c Marilyn Fischer.
|
| 260 |
|
|
|a New York :
|b Wiley,
|c c2000.
|
| 300 |
|
|
|a xix, 251 p. ;
|c 24 cm.
|
| 490 |
0 |
|
|a The NSFRE/Wiley fund development series
|
| 504 |
|
|
|a Includes bibliographical references and index.
|
| 541 |
1 |
|
|e 00015651
|
| 650 |
|
0 |
|a Fund raising
|x Moral and ethical aspects.
|
| 650 |
|
0 |
|a Charities
|x Moral and ethical aspects.
|
| 650 |
|
0 |
|a Decision making
|x Moral and ethical aspects.
|
| 852 |
4 |
|
|a Ayesha Abed Library
|j General shelf
|
| 999 |
|
|
|c 4176
|d 4176
|
| 952 |
|
|
|0 0
|1 0
|2 ddc
|4 0
|6 361_706810000000000_FIS_2000
|7 0
|9 3840
|a BRACUL
|b BRACUL
|c GEN
|d 2009-10-03
|g 0.00
|l 0
|o 361.70681 FIS
|p 3010015651
|r 2009-10-03
|t 1
|w 2009-10-03
|y BK
|x No price found in the accession register.
|